[Event "Team women final 2016"]
[Site "Sochi"]
[Date "2016.05.08"]
[Round "7.11"]
[White "Belenkaya, Dina"]
[Black "Khazieva, Elza"]
[Result "1-0"]
[LiveChessVersion "1.4.4"]
[BlackElo "2147"]
[WhiteElo "2289"]
[BlackTeam "Ladya"]
[WhiteTeam "SDUSSHOR"]

1. e4 {[%clk 1:30:57]} c5 {[%clk 1:30:54]} 2. Nf3 {[%clk 1:31:20]} e6
{[%clk 1:31:19]} 3. c4 {[%clk 1:31:47]} Nc6 {[%clk 1:31:33]} 4. Nc3
{[%clk 1:32:11]} e5 {[%clk 1:31:28]} 5. a3 {[%clk 1:29:54]} d6 {[%clk 1:31:04]}
6. Rb1 {[%clk 1:29:42]} a5 {[%clk 1:22:37]} 7. d3 {[%clk 1:29:08]} Be7
{[%clk 1:22:56]} 8. g3 {[%clk 1:26:26]} f5 {[%clk 1:22:29]} 9. Bg2
{[%clk 1:19:43]} Nf6 {[%clk 1:18:20]} 10. O-O {[%clk 1:16:48]} O-O
{[%clk 1:18:46]} 11. Nd5 {[%clk 1:07:59]} fxe4 {[%clk 1:06:03]} 12. dxe4
{[%clk 0:53:46]} Bg4 {[%clk 1:01:35]} 13. Qd3 {[%clk 0:51:37]} Kh8
{[%clk 0:53:16]} 14. Bd2 {[%clk 0:48:07]} Nb8 {[%clk 0:39:03]} 15. b4
{[%clk 0:38:14]} Nxd5 {[%clk 0:36:11]} 16. cxd5 {[%clk 0:34:29]} axb4
{[%clk 0:36:19]} 17. axb4 {[%clk 0:34:45]} c4 {[%clk 0:36:16]} 18. Qc3
{[%clk 0:32:27]} b5 {[%clk 0:30:15]} 19. Ra1 {[%clk 0:32:33]} Nd7
{[%clk 0:30:27]} 20. h3 {[%clk 0:25:22]} Bh5 {[%clk 0:28:10]} 21. Rxa8
{[%clk 0:24:59]} Qxa8 {[%clk 0:28:38]} 22. Ng5 {[%clk 0:24:44]} Qb7
{[%clk 0:18:22]} 23. Ne6 {[%clk 0:23:59]} Rc8 {[%clk 0:14:17]} 24. f4
{[%clk 0:22:11]} Bf6 25. f5 Be2 {[%clk 0:05:16]} 26. Ra1 {[%clk 0:17:04]} Ra8
{[%clk 0:04:29]} 27. Bf1 {[%clk 0:15:58]} Bxf1 {[%clk 0:03:01]} 28. Kxf1
{[%clk 0:16:23]} Nb6 {[%clk 0:02:37]} 29. Rxa8+ {[%clk 0:14:51]} Qxa8 30. g4
{[%clk 0:09:22]} Bh4 {[%clk 0:02:50]} 31. g5 {[%clk 0:07:42]} Qa4
{[%clk 0:01:31]} 32. Ke2 {[%clk 0:07:52]} Qa2 {[%clk 0:00:59]} 33. f6
{[%clk 0:08:07]} gxf6 {[%clk 0:01:02]} 34. gxf6 {[%clk 0:08:35]} Bxf6
{[%clk 0:00:46]} 35. Qf3 {[%clk 0:08:28]} Nd7 {[%clk 0:00:53]} 36. Qh5
{[%clk 0:07:07]} Qa8 {[%clk 0:00:59]} 37. Qf7 {[%clk 0:06:55]} Qc8
{[%clk 0:00:37]} 38. Bg5 {[%clk 0:06:13]} 1-0

[Event "Team women final 2016"]
[Site "Sochi"]
[Date "2016.05.08"]
[Round "7.12"]
[White "Markelova, Lubov"]
[Black "Balaian, Alina"]
[Result "1-0"]
[LiveChessVersion "1.4.4"]
[BlackElo "2230"]
[WhiteElo "2059"]
[BlackTeam "SDUSSHOR"]
[WhiteTeam "Ladya"]

1. Nf3 {[%clk 1:30:57]} d6 {[%clk 1:30:45]} 2. d4 {[%clk 1:29:23]} f5
{[%clk 1:30:57]} 3. c4 {[%clk 1:24:03]} Nf6 {[%clk 1:30:51]} 4. g3
{[%clk 1:19:32]} g6 {[%clk 1:31:09]} 5. Bg2 {[%clk 1:19:22]} Bg7 {[%clk 1:31:29]}
6. O-O {[%clk 1:19:25]} O-O {[%clk 1:31:51]} 7. Nc3 {[%clk 1:18:36]} Qe8
{[%clk 1:31:42]} 8. d5 {[%clk 1:12:26]} Na6 {[%clk 1:31:27]} 9. Nd4
{[%clk 1:08:18]} Bd7 {[%clk 1:31:14]} 10. h3 {[%clk 0:50:36]} c6 {[%clk 1:30:29]}
11. Be3 {[%clk 0:48:57]} h6 {[%clk 1:27:49]} 12. Qd2 {[%clk 0:42:24]} Kh7
{[%clk 1:28:08]} 13. Rab1 {[%clk 0:41:37]} Nc7 {[%clk 1:27:21]} 14. b4
{[%clk 0:40:01]} cxd5 {[%clk 1:06:50]} 15. cxd5 {[%clk 0:35:20]} Qf7
{[%clk 1:06:27]} 16. Nb3 {[%clk 0:31:27]} Nh5 {[%clk 1:01:06]} 17. Bd4
{[%clk 0:27:00]} g5 {[%clk 0:59:52]} 18. Bxg7 {[%clk 0:24:52]} Qxg7
{[%clk 1:00:11]} 19. Qd4 {[%clk 0:22:18]} Rf6 {[%clk 0:57:32]} 20. Rbc1
{[%clk 0:21:07]} Ne8 {[%clk 0:53:49]} 21. Kh2 {[%clk 0:18:31]} Qf7
{[%clk 0:52:18]} 22. Na5 {[%clk 0:17:16]} b6 {[%clk 0:51:24]} 23. Nc4
{[%clk 0:16:32]} b5 {[%clk 0:46:16]} 24. Na5 {[%clk 0:12:05]} Rg6
{[%clk 0:39:45]} 25. Nc6 {[%clk 0:10:18]} Bxc6 {[%clk 0:32:27]} 26. dxc6
{[%clk 0:10:43]} Nc7 {[%clk 0:32:29]} 27. Nd5 {[%clk 0:07:42]} e5
{[%clk 0:31:32]} 28. Nxc7 {[%clk 0:06:46]} Qxc7 {[%clk 0:28:47]} 29. Qd3
{[%clk 0:07:10]} Ng7 {[%clk 0:26:28]} 30. Qxb5 {[%clk 0:07:18]} Ne6
{[%clk 0:23:13]} 31. e3 {[%clk 0:07:16]} Rb8 {[%clk 0:19:15]} 32. Qc4
{[%clk 0:07:18]} Rf6 {[%clk 0:14:30]} 33. Bd5 {[%clk 0:06:23]} Nf8
{[%clk 0:13:51]} 34. a4 {[%clk 0:05:44]} Ng6 {[%clk 0:13:23]} 35. f4
{[%clk 0:00:50]} Kg7 {[%clk 0:06:45]} 36. b5 {[%clk 0:00:55]} Re8
{[%clk 0:04:20]} 37. Rfe1 {[%clk 0:00:40]} Ne7 {[%clk 0:03:26]} 38. fxe5
{[%clk 0:00:41]} dxe5 {[%clk 0:03:47]} 39. Rcd1 {[%clk 0:00:54]} Nc8
{[%clk 0:03:18]} 40. Bg2 {[%clk 0:30:37]} Re7 {[%clk 0:32:11]} 41. Qd5
{[%clk 0:23:34]} Nd6 {[%clk 0:30:04]} 42. Re2 {[%clk 0:18:06]} e4
{[%clk 0:28:09]} 43. Qc5 {[%clk 0:13:52]} Nf7 {[%clk 0:24:42]} 44. Red2
{[%clk 0:05:57]} Ne5 {[%clk 0:24:58]} 45. Rd8 {[%clk 0:04:26]} h5
{[%clk 0:19:20]} 46. Qd5 {[%clk 0:02:55]} Ref7 {[%clk 0:13:49]} 47. Rd6
{[%clk 0:01:50]} Nd3 {[%clk 0:12:25]} 48. Rxf6 {[%clk 0:01:24]} Rxf6
{[%clk 0:12:23]} 49. Qd7+ {[%clk 0:00:38]} Qxd7 {[%clk 0:12:39]} 50. cxd7
{[%clk 0:01:05]} Rd6 {[%clk 0:13:04]} 51. g4 {[%clk 0:01:18]} Rxd7
{[%clk 0:08:21]} 52. gxf5 {[%clk 0:01:33]} Re7 {[%clk 0:08:11]} 53. Bf1
{[%clk 0:00:41]} Ne5 {[%clk 0:06:04]} 54. Be2 {[%clk 0:00:35]} Kf6
{[%clk 0:05:36]} 55. Bxh5 {[%clk 0:00:38]} Kxf5 {[%clk 0:06:05]} 56. Kg3
{[%clk 0:00:35]} Nc4 {[%clk 0:04:52]} 57. Kf2 {[%clk 0:00:35]} Rc7
{[%clk 0:04:01]} 58. Rd5+ {[%clk 0:00:40]} Kf6 {[%clk 0:04:21]} 59. Be2
{[%clk 0:00:35]} Nb6 {[%clk 0:03:13]} 60. Rd4 {[%clk 0:00:54]} Ke5
{[%clk 0:03:30]} 61. a5 {[%clk 0:00:46]} Rf7+ {[%clk 0:01:29]} 62. Ke1
{[%clk 0:00:38]} Nd5 {[%clk 0:01:12]} 63. Bc4 {[%clk 0:00:37]} Nxe3
{[%clk 0:01:25]} 64. Rxe4+ {[%clk 0:00:53]} Kxe4 {[%clk 0:01:54]} 65. Bxf7
{[%clk 0:01:17]} Nc2+ {[%clk 0:01:29]} 66. Kf2 {[%clk 0:00:58]} Nd4
{[%clk 0:00:52]} 67. Be8 {[%clk 0:01:04]} Ne6 {[%clk 0:00:41]} 68. Kg3
{[%clk 0:00:37]} Ke5 {[%clk 0:00:35]} 69. Kg4 {[%clk 0:00:40]} Kd6
{[%clk 0:00:47]} 70. Bf7 {[%clk 0:00:34]} Nd8 {[%clk 0:00:33]} 71. Bg8
{[%clk 0:00:38]} Kc5 {[%clk 0:00:37]} 72. Kxg5 {[%clk 0:00:48]} Kxb5
{[%clk 0:00:40]} 73. h4 {[%clk 0:01:14]} Nc6 {[%clk 0:00:40]} 74. h5
{[%clk 0:01:17]} Ne7 {[%clk 0:01:06]} 75. Bf7 {[%clk 0:00:52]} Nc8
{[%clk 0:01:09]} 76. h6 {[%clk 0:01:11]} Nd6 {[%clk 0:01:37]} 77. Kg6
{[%clk 0:01:18]} 1-0

[Event "Team women final 2016"]
[Site "Sochi"]
[Date "2016.05.08"]
[Round "7.13"]
[White "Maslova, Polina"]
[Black "Ubiennykh, Ekaterina"]
[Result "1-0"]
[LiveChessVersion "1.4.4"]
[BlackElo "2307"]
[WhiteElo "2095"]
[BlackTeam "Boavishta"]
[WhiteTeam "Bukavushki"]

1. e4 {[%clk 1:30:59]} e5 {[%clk 1:30:55]} 2. Nf3 {[%clk 1:31:24]} Nc6
{[%clk 1:31:20]} 3. Bb5 {[%clk 1:31:50]} a6 {[%clk 1:31:44]} 4. Ba4
{[%clk 1:32:16]} Nf6 {[%clk 1:32:08]} 5. O-O {[%clk 1:32:41]} Be7
{[%clk 1:32:34]} 6. Re1 {[%clk 1:33:08]} b5 {[%clk 1:32:59]} 7. Bb3
{[%clk 1:33:35]} O-O {[%clk 1:33:21]} 8. d3 {[%clk 1:33:40]} d6 {[%clk 1:33:46]}
9. c3 {[%clk 1:34:07]} h6 {[%clk 1:34:12]} 10. Nbd2 {[%clk 1:34:33]} Re8
{[%clk 1:34:30]} 11. Nf1 {[%clk 1:34:55]} Bf8 {[%clk 1:34:56]} 12. Ng3
{[%clk 1:33:56]} Na5 {[%clk 1:35:00]} 13. Bc2 {[%clk 1:34:21]} c5
{[%clk 1:35:25]} 14. h3 {[%clk 1:29:06]} Qc7 {[%clk 1:33:21]} 15. d4
{[%clk 1:25:59]} cxd4 {[%clk 1:33:04]} 16. cxd4 {[%clk 1:26:23]} exd4
{[%clk 1:29:17]} 17. Nxd4 {[%clk 1:25:52]} d5 {[%clk 1:24:08]} 18. b3
{[%clk 1:00:27]} Bb7 {[%clk 1:20:48]} 19. Bb2 {[%clk 0:57:09]} dxe4
{[%clk 1:19:19]} 20. Ndf5 {[%clk 0:50:48]} Rad8 {[%clk 1:18:27]} 21. Qe2
{[%clk 0:51:10]} Qf4 {[%clk 1:08:41]} 22. Bxf6 {[%clk 0:37:20]} Rd2
{[%clk 1:01:41]} 23. Qe3 {[%clk 0:34:24]} Qxe3 {[%clk 1:01:32]} 24. Nxe3
{[%clk 0:34:23]} gxf6 {[%clk 1:01:41]} 25. Rad1 {[%clk 0:33:07]} Rxd1
{[%clk 0:59:58]} 26. Rxd1 {[%clk 0:30:51]} Bc5 {[%clk 0:54:36]} 27. Ng4
{[%clk 0:29:27]} Kg7 {[%clk 0:47:13]} 28. Nh5+ {[%clk 0:20:44]} Kg6
{[%clk 0:44:49]} 29. Nhxf6 {[%clk 0:20:54]} Re6 {[%clk 0:43:39]} 30. Nd5
{[%clk 0:18:44]} Bd6 {[%clk 0:38:33]} 31. f3 {[%clk 0:15:30]} f5 {[%clk 0:33:55]}
32. Nge3 {[%clk 0:14:35]} Bg3 {[%clk 0:25:55]} 33. Nf1 {[%clk 0:14:39]} Bb8
{[%clk 0:17:15]} 34. g4 {[%clk 0:14:50]} Ba7+ {[%clk 0:11:05]} 35. Kh1
{[%clk 0:15:15]} Bxd5 {[%clk 0:09:26]} 36. gxf5+ {[%clk 0:11:49]} Kxf5
{[%clk 0:09:25]} 37. Rxd5+ {[%clk 0:12:13]} Kf4 {[%clk 0:07:35]} 38. Bxe4
{[%clk 0:12:27]} Rf6 {[%clk 0:07:47]} 39. Kg2 {[%clk 0:10:23]} Rf7
{[%clk 0:05:03]} 40. Nh2 {[%clk 0:36:55]} Nc6 {[%clk 0:32:38]} 41. Rd6
{[%clk 0:31:44]} Nb4 {[%clk 0:23:45]} 42. a3 {[%clk 0:30:29]} Na2
{[%clk 0:22:51]} 43. Rxh6 {[%clk 0:27:51]} Nc3 {[%clk 0:23:08]} 44. Ba8
{[%clk 0:24:04]} Rd7 {[%clk 0:21:06]} 45. Rh4+ {[%clk 0:21:07]} Ke3
{[%clk 0:15:23]} 46. Ng4+ {[%clk 0:18:55]} Kd2 {[%clk 0:14:58]} 47. Rh6
{[%clk 0:18:24]} a5 {[%clk 0:14:11]} 48. Ra6 {[%clk 0:14:03]} Kc2
{[%clk 0:14:10]} 49. Rxa5 {[%clk 0:12:16]} Rd2+ {[%clk 0:14:16]} 50. Kg3
{[%clk 0:11:57]} Bb6 {[%clk 0:14:39]} 51. Ra6 {[%clk 0:11:56]} Bc7+
{[%clk 0:15:06]} 52. Kh4 {[%clk 0:11:43]} Kxb3 {[%clk 0:14:35]} 53. Kg5
{[%clk 0:09:20]} Bd8+ {[%clk 0:13:56]} 54. Kg6 {[%clk 0:08:59]} Ne2
{[%clk 0:13:30]} 55. Bc6 {[%clk 0:05:46]} Kc4 {[%clk 0:09:16]} 56. Ne5+
{[%clk 0:05:27]} Kc5 {[%clk 0:08:58]} 57. Nd7+ {[%clk 0:05:12]} Kc4
{[%clk 0:09:21]} 58. Ne5+ {[%clk 0:04:33]} Kc5 {[%clk 0:09:34]} 59. Be8
{[%clk 0:03:36]} Nd4 {[%clk 0:08:06]} 60. f4 {[%clk 0:03:22]} Rg2+
{[%clk 0:08:06]} 61. Ng4 {[%clk 0:03:03]} Re2 {[%clk 0:07:35]} 62. Bf7
{[%clk 0:02:34]} Nc6 {[%clk 0:07:15]} 63. f5 {[%clk 0:02:14]} Ne7+
{[%clk 0:07:11]} 64. Kg5 {[%clk 0:02:14]} Nd5+ {[%clk 0:06:46]} 65. f6
{[%clk 0:02:19]} Nc7 {[%clk 0:06:28]} 66. Ra7 {[%clk 0:01:57]} Kb6
{[%clk 0:06:26]} 67. Rxc7 {[%clk 0:02:23]} Kxc7 {[%clk 0:03:45]} 68. h4
{[%clk 0:02:46]} Rg2 {[%clk 0:03:28]} 69. Kf5 {[%clk 0:02:51]} Rg3
{[%clk 0:03:15]} 70. h5 {[%clk 0:02:19]} Rxa3 {[%clk 0:03:42]} 71. h6
{[%clk 0:02:25]} Rh3 {[%clk 0:03:47]} 72. Kg5 {[%clk 0:02:39]} Rxh6
{[%clk 0:01:25]} 73. Nxh6 {[%clk 0:02:41]} Kd6 {[%clk 0:01:48]} 74. Nf5+
{[%clk 0:02:53]} Ke5 {[%clk 0:02:04]} 75. Ne7 {[%clk 0:03:06]} Kd6
{[%clk 0:02:21]} 76. Ng8 {[%clk 0:03:15]} Ke5 {[%clk 0:02:40]} 77. Ba2
{[%clk 0:02:57]} b4 {[%clk 0:02:58]} 78. Ne7 {[%clk 0:02:52]} Kd6
{[%clk 0:03:09]} 79. Nc8+ {[%clk 0:02:56]} Kc7 {[%clk 0:02:40]} 80. Na7
{[%clk 0:02:07]} Kb6 {[%clk 0:03:01]} 81. Nc8+ {[%clk 0:02:33]} Kc7
{[%clk 0:03:28]} 82. Ne7 {[%clk 0:02:35]} Kd6 {[%clk 0:03:55]} 83. Nd5
{[%clk 0:02:54]} Ke5 {[%clk 0:04:01]} 84. Kg6 {[%clk 0:02:49]} Bxf6
{[%clk 0:03:35]} 85. Nxf6 {[%clk 0:03:17]} b3 {[%clk 0:03:14]} 86. Bxb3
{[%clk 0:03:44]} Kd4 {[%clk 0:03:39]} 87. Kf5 {[%clk 0:04:03]} Kc3
{[%clk 0:04:05]} 88. Bd5 {[%clk 0:04:27]} Kd4 {[%clk 0:04:33]} 89. Be4
{[%clk 0:04:36]} Kc5 {[%clk 0:04:56]} 90. Ke5 {[%clk 0:05:01]} Kc4
{[%clk 0:05:18]} 91. Nd5 {[%clk 0:04:22]} Kb3 {[%clk 0:05:09]} 92. Kd4
{[%clk 0:04:47]} Kb2 {[%clk 0:05:31]} 93. Kc4 {[%clk 0:05:03]} Ka3
{[%clk 0:05:44]} 94. Nc3 {[%clk 0:03:46]} Kb2 {[%clk 0:06:11]} 95. Nb5
{[%clk 0:04:08]} Ka2 {[%clk 0:06:36]} 96. Kc3 {[%clk 0:04:23]} Ka1
{[%clk 0:07:03]} 97. Bd5 {[%clk 0:04:31]} Kb1 {[%clk 0:07:29]} 98. Na3+
{[%clk 0:04:53]} Ka1 {[%clk 0:07:55]} 99. Nc2+ {[%clk 0:05:12]} Kb1
{[%clk 0:08:23]} 100. Bc4 {[%clk 0:05:20]} Kc1 {[%clk 0:08:49]} 101. Ba2
{[%clk 0:05:43]} Kd1 {[%clk 0:09:09]} 102. Nd4 {[%clk 0:05:54]} Kc1
{[%clk 0:09:16]} 103. Ne2+ {[%clk 0:06:10]} Kd1 {[%clk 0:09:44]} 104. Kd3
{[%clk 0:06:34]} Ke1 {[%clk 0:10:12]} 105. Ke3 {[%clk 0:06:49]} Kf1
{[%clk 0:09:47]} 106. Nf4 {[%clk 0:06:44]} Ke1 {[%clk 0:09:57]} 107. Bb3
{[%clk 0:07:11]} Kf1 {[%clk 0:10:20]} 108. Bc2 {[%clk 0:07:15]} Ke1
{[%clk 0:10:20]} 109. Ng2+ {[%clk 0:07:35]} Kf1 {[%clk 0:10:46]} 110. Kf3
{[%clk 0:08:01]} Kg1 {[%clk 0:11:12]} 111. Bd3 {[%clk 0:06:56]} Kh2
{[%clk 0:11:36]} 112. Nf4 {[%clk 0:07:15]} Kh1 {[%clk 0:11:56]} 113. Kg3
{[%clk 0:07:23]} Kg1 {[%clk 0:12:24]} 114. Nh3+ {[%clk 0:07:44]} 1-0

[Event "Team women final 2016"]
[Site "Sochi"]
[Date "2016.05.08"]
[Round "7.14"]
[White "Tomilova, Elena"]
[Black "Trapeznikova, Darya"]
[Result "1/2-1/2"]
[LiveChessVersion "1.4.4"]
[BlackElo "2085"]
[WhiteElo "2305"]
[BlackTeam "Bukavushki"]
[WhiteTeam "Boavishta"]

1. e4 {[%clk 1:30:57]} e5 {[%clk 1:30:47]} 2. Nf3 {[%clk 1:31:21]} Nc6
{[%clk 1:31:10]} 3. Bc4 {[%clk 1:31:44]} Nf6 {[%clk 1:31:07]} 4. d3
{[%clk 1:32:03]} Bc5 {[%clk 1:30:12]} 5. c3 {[%clk 1:32:09]} d6 {[%clk 1:30:18]}
6. O-O {[%clk 1:30:57]} h6 {[%clk 1:30:05]} 7. a4 {[%clk 1:27:41]} a5
{[%clk 1:26:09]} 8. Be3 {[%clk 1:27:02]} O-O {[%clk 1:24:22]} 9. Nbd2
{[%clk 1:25:56]} Qe7 {[%clk 1:22:51]} 10. Bd5 {[%clk 1:09:53]} Bxe3
{[%clk 1:17:22]} 11. fxe3 {[%clk 1:10:18]} Be6 {[%clk 1:17:46]} 12. Qb3
{[%clk 1:01:14]} Nd8 {[%clk 1:14:17]} 13. Rae1 {[%clk 0:59:34]} c6
{[%clk 1:03:23]} 14. Bxe6 {[%clk 0:57:16]} Nxe6 {[%clk 1:00:23]} 15. d4
{[%clk 0:55:07]} Kh8 {[%clk 0:59:48]} 16. Qa3 {[%clk 0:51:35]} Qc7
{[%clk 0:59:48]} 17. c4 {[%clk 0:46:50]} Nd7 {[%clk 0:43:47]} 18. Qd3
{[%clk 0:41:18]} Rae8 {[%clk 0:38:04]} 19. Kh1 {[%clk 0:37:43]} Kg8
{[%clk 0:34:12]} 20. Nb1 {[%clk 0:31:55]} exd4 {[%clk 0:27:12]} 21. exd4
{[%clk 0:32:08]} c5 {[%clk 0:27:33]} 22. d5 {[%clk 0:27:50]} Nf4 {[%clk 0:27:51]}
23. Qd2 {[%clk 0:27:58]} Ng6 {[%clk 0:28:11]} 24. Nc3 {[%clk 0:28:08]} Nde5
{[%clk 0:22:34]} 25. Nb5 {[%clk 0:27:02]} Qd8 {[%clk 0:22:55]} 26. b3
{[%clk 0:26:37]} b6 {[%clk 0:19:50]} 27. Ng1 {[%clk 0:21:20]} Re7
{[%clk 0:16:56]} 28. Ne2 {[%clk 0:20:30]} Rfe8 {[%clk 0:15:56]} 29. Ng3
{[%clk 0:20:04]} Nh4 {[%clk 0:14:17]} 30. h3 {[%clk 0:17:28]} Neg6
{[%clk 0:13:00]} 31. Qf2 {[%clk 0:15:42]} Qd7 {[%clk 0:11:32]} 32. Kh2
{[%clk 0:12:02]} Ne5 {[%clk 0:10:19]} 33. Re3 {[%clk 0:11:12]} Neg6
{[%clk 0:05:38]} 34. Nh5 {[%clk 0:08:26]} Re5 {[%clk 0:02:50]} 35. Ng3
{[%clk 0:07:35]} R5e7 {[%clk 0:02:15]} 36. Rfe1 {[%clk 0:07:18]} Ne5
{[%clk 0:01:40]} 37. Qb2 {[%clk 0:06:42]} f5 {[%clk 0:01:07]} 38. Qf2
{[%clk 0:03:02]} fxe4 {[%clk 0:01:18]} 39. Rxe4 {[%clk 0:02:50]} Nhg6
{[%clk 0:00:39]} 40. Qe2 {[%clk 0:32:08]} Rf8 {[%clk 0:30:43]} 41. Re3
{[%clk 0:21:42]} Nf4 {[%clk 0:19:27]} 42. Qd2 {[%clk 0:21:42]} Nfg6
{[%clk 0:13:17]} 43. Ne4 {[%clk 0:21:01]} Nf7 {[%clk 0:13:35]} 44. Rg3
{[%clk 0:20:33]} Kh7 {[%clk 0:11:57]} 45. Rxg6 {[%clk 0:14:35]} Kxg6
{[%clk 0:12:18]} 46. Qc2 {[%clk 0:14:53]} Qf5 {[%clk 0:11:53]} 47. g4
{[%clk 0:14:58]} Qf4+ {[%clk 0:11:45]} 48. Ng3+ {[%clk 0:15:17]} Kg5
{[%clk 0:08:25]} 49. Rf1 {[%clk 0:14:19]} Qxf1 {[%clk 0:08:06]} 50. Nxf1
{[%clk 0:14:42]} Ne5 {[%clk 0:08:26]} 51. Nd2 {[%clk 0:11:54]} Nxg4+
{[%clk 0:06:43]} 52. hxg4 {[%clk 0:11:51]} Re2+ {[%clk 0:07:09]} 53. Kg1
{[%clk 0:10:31]} Re1+ {[%clk 0:07:30]} 54. Kg2 {[%clk 0:10:39]} Re2+
{[%clk 0:07:54]} 55. Kg3 {[%clk 0:10:54]} Re3+ {[%clk 0:08:19]} 56. Nf3+
{[%clk 0:08:43]} Rfxf3+ {[%clk 0:08:28]} 57. Kg2 {[%clk 0:09:08]} Rg3+
{[%clk 0:08:48]} 58. Kf2 {[%clk 0:09:30]} Ref3+ {[%clk 0:07:02]} 59. Ke2
{[%clk 0:08:08]} Rg2+ {[%clk 0:07:20]} 60. Kxf3 {[%clk 0:08:34]} Rxc2
{[%clk 0:07:46]} 61. Nxd6 {[%clk 0:08:59]} Rc3+ {[%clk 0:07:59]} 62. Ke4
{[%clk 0:09:17]} Kf6 {[%clk 0:06:40]} 63. Ne8+ {[%clk 0:09:28]} Kf7
{[%clk 0:06:46]} 64. Nd6+ {[%clk 0:09:48]} Ke7 {[%clk 0:06:41]} 65. Nf5+
{[%clk 0:10:07]} Kd7 {[%clk 0:06:27]} 66. Nxg7 {[%clk 0:10:19]} Rxb3
{[%clk 0:06:13]} 67. Nf5 {[%clk 0:10:18]} Rh3 {[%clk 0:04:10]} 68. Ke5
{[%clk 0:10:02]} b5 {[%clk 0:02:34]} 69. cxb5 {[%clk 0:09:49]} c4
{[%clk 0:03:01]} 70. Kd4 {[%clk 0:08:37]} c3 {[%clk 0:03:27]} 71. Ne3
{[%clk 0:08:53]} Kc7 {[%clk 0:03:19]} 72. Ke4 {[%clk 0:08:54]} Rg3
{[%clk 0:02:02]} 73. Kf4 {[%clk 0:08:37]} Rg1 {[%clk 0:02:27]} 74. Kf3
{[%clk 0:04:26]} Ra1 {[%clk 0:02:30]} 75. Ke4 {[%clk 0:04:32]} Rxa4+
{[%clk 0:02:22]} 76. Kd3 {[%clk 0:05:00]} Ra3 {[%clk 0:02:17]} 77. b6+
{[%clk 0:04:56]} Kd7 {[%clk 0:01:29]} 78. Nc4 {[%clk 0:04:59]} Rb3
{[%clk 0:01:17]} 79. Nxa5 {[%clk 0:04:20]} Rxb6 {[%clk 0:01:39]} 80. Nc4
{[%clk 0:04:45]} Rf6 {[%clk 0:00:48]} 81. Kxc3 {[%clk 0:04:58]} Rf4
{[%clk 0:00:55]} 82. Kd3 {[%clk 0:05:09]} Ke7 {[%clk 0:01:03]} 83. Ne3
{[%clk 0:05:10]} Kd7 {[%clk 0:00:42]} 84. Ke2 {[%clk 0:05:10]} Kd6
{[%clk 0:00:59]} 85. Nf5+ {[%clk 0:05:05]} Kxd5 {[%clk 0:00:47]} 86. Nxh6
{[%clk 0:05:30]} Ke5 {[%clk 0:00:50]} 87. Nf5 {[%clk 0:05:25]} Rxg4
{[%clk 0:01:06]} 88. Ne3 {[%clk 0:05:50]} Ra4 {[%clk 0:01:19]} 89. Kd3
{[%clk 0:05:19]} Ra3+ {[%clk 0:01:38]} 90. Kd2 {[%clk 0:05:19]} Ke4
{[%clk 0:01:56]} 91. Nc2 {[%clk 0:05:40]} Rh3 {[%clk 0:02:19]} 92. Nb4
{[%clk 0:05:50]} Kd4 {[%clk 0:02:23]} 93. Nc2+ {[%clk 0:06:14]} Kc4
{[%clk 0:02:49]} 94. Ne3+ {[%clk 0:06:38]} Kd4 {[%clk 0:02:09]} 95. Nc2+
{[%clk 0:07:03]} Kc5 {[%clk 0:02:35]} 96. Ne3 {[%clk 0:07:26]} Rg3
{[%clk 0:02:27]} 97. Kd3 {[%clk 0:07:43]} Rh3 {[%clk 0:01:44]} 98. Ke4
{[%clk 0:07:59]} Rh4+ {[%clk 0:01:52]} 99. Kd3 {[%clk 0:08:18]} Ra4
{[%clk 0:01:55]} 100. Nc2 {[%clk 0:08:09]} Ra8 {[%clk 0:01:10]} 101. Ne3
{[%clk 0:08:22]} Ra3+ {[%clk 0:01:31]} 102. Kd2 {[%clk 0:07:45]} Ra2+
{[%clk 0:01:19]} 103. Kd3 {[%clk 0:08:01]} Ra3+ {[%clk 0:01:32]} 104. Kd2
{[%clk 0:08:26]} Rxe3 {[%clk 0:02:00]} 105. Kxe3 {[%clk 0:08:50]} 1/2-1/2

[Event "Team women final 2016"]
[Site "Sochi"]
[Date "2016.05.08"]
[Round "7.15"]
[White "Sazonova, Anastasia"]
[Black "Drozdova, Dina"]
[Result "0-1"]
[LiveChessVersion "1.4.4"]
[BlackElo "2235"]
[WhiteElo "2085"]
[BlackTeam "Boavishta"]
[WhiteTeam "Bukavushki"]

1. d4 {[%clk 1:30:50]} Nf6 {[%clk 1:30:39]} 2. c4 {[%clk 1:31:11]} e6
{[%clk 1:30:23]} 3. Nf3 {[%clk 1:31:17]} b6 {[%clk 1:30:05]} 4. g3
{[%clk 1:30:46]} Bb7 {[%clk 1:29:51]} 5. Bg2 {[%clk 1:30:50]} Be7
{[%clk 1:30:06]} 6. Nc3 {[%clk 1:30:52]} Ne4 {[%clk 1:27:47]} 7. Bd2
{[%clk 1:29:37]} Bf6 {[%clk 1:24:29]} 8. Rc1 {[%clk 1:26:13]} Bxd4
{[%clk 1:11:44]} 9. Nxe4 {[%clk 1:19:01]} Bxe4 {[%clk 1:08:20]} 10. Bc3
{[%clk 1:16:36]} Bxc3+ {[%clk 1:08:09]} 11. Rxc3 {[%clk 1:16:57]} O-O
{[%clk 1:01:24]} 12. O-O {[%clk 1:16:37]} d6 {[%clk 0:56:52]} 13. Nd4
{[%clk 1:14:50]} Bxg2 {[%clk 0:57:02]} 14. Kxg2 {[%clk 1:15:14]} Qe8
{[%clk 0:36:34]} 15. e4 {[%clk 1:11:30]} Nc6 {[%clk 0:36:08]} 16. Kg1
{[%clk 1:06:30]} Nxd4 {[%clk 0:35:53]} 17. Qxd4 {[%clk 1:06:49]} Rd8
{[%clk 0:33:33]} 18. Re1 {[%clk 1:03:59]} Qc6 {[%clk 0:32:40]} 19. Ra3
{[%clk 0:58:51]} a5 {[%clk 0:32:49]} 20. Rd3 {[%clk 0:53:09]} f6 {[%clk 0:26:47]}
21. Rc3 {[%clk 0:49:20]} Qc5 {[%clk 0:26:46]} 22. Qxc5 {[%clk 0:43:13]} dxc5
{[%clk 0:26:34]} 23. Rc2 {[%clk 0:42:51]} Rd4 {[%clk 0:25:42]} 24. Ree2
{[%clk 0:41:23]} Rfd8 {[%clk 0:25:55]} 25. Kg2 {[%clk 0:41:20]} Rd3
{[%clk 0:23:39]} 26. f3 {[%clk 0:37:47]} Kf7 {[%clk 0:23:11]} 27. Kf2
{[%clk 0:37:45]} g5 {[%clk 0:23:01]} 28. Re3 {[%clk 0:35:14]} R3d4
{[%clk 0:22:59]} 29. Ree2 {[%clk 0:32:19]} h5 {[%clk 0:21:45]} 30. Ke3
{[%clk 0:28:31]} Rd3+ {[%clk 0:22:04]} 31. Kf2 {[%clk 0:28:53]} g4
{[%clk 0:22:04]} 32. f4 {[%clk 0:27:07]} Ke7 {[%clk 0:18:58]} 33. Re3
{[%clk 0:25:49]} R3d4 {[%clk 0:19:11]} 34. Ree2 {[%clk 0:24:53]} R8d7
{[%clk 0:18:44]} 35. Ke3 {[%clk 0:21:27]} Rd3+ {[%clk 0:19:07]} 36. Kf2
{[%clk 0:21:47]} Rd1 {[%clk 0:19:26]} 37. e5 {[%clk 0:18:27]} f5 {[%clk 0:17:21]}
38. Re1 {[%clk 0:18:01]} R1d4 {[%clk 0:17:42]} 39. Ree2 {[%clk 0:17:53]} h4
{[%clk 0:16:18]} 40. Re1 {[%clk 0:45:08]} Ke8 {[%clk 0:45:05]} 41. b3
{[%clk 0:41:23]} Rh7 {[%clk 0:44:42]} 42. Kg2 {[%clk 0:41:28]} Rd3
{[%clk 0:44:21]} 43. Rce2 {[%clk 0:41:31]} a4 {[%clk 0:39:46]} 44. Re3
{[%clk 0:40:52]} Rd4 {[%clk 0:39:11]} 45. R1e2 {[%clk 0:39:51]} Rhd7
{[%clk 0:39:25]} 46. Kf2 {[%clk 0:38:05]} a3 {[%clk 0:36:44]} 47. Rc2
{[%clk 0:34:52]} Rh7 {[%clk 0:30:40]} 48. Rce2 {[%clk 0:32:08]} hxg3+
{[%clk 0:29:47]} 49. hxg3 {[%clk 0:32:10]} Rd1 {[%clk 0:30:00]} 50. Rc3
{[%clk 0:30:33]} Rh3 {[%clk 0:29:25]} 51. Rec2 {[%clk 0:28:25]} Rdh1
{[%clk 0:28:12]} 52. Ke2 {[%clk 0:27:03]} Rb1 {[%clk 0:26:18]} 53. Kf2
{[%clk 0:26:13]} Ke7 {[%clk 0:23:45]} 54. Ke2 {[%clk 0:23:41]} Rb2
{[%clk 0:22:44]} 55. Kd2 {[%clk 0:23:47]} Rh2+ {[%clk 0:22:32]} 56. Kd1
{[%clk 0:23:18]} Rb1+ {[%clk 0:21:24]} 57. Rc1 {[%clk 0:23:42]} Rh1+
{[%clk 0:17:22]} 58. Kd2 {[%clk 0:24:06]} Rb2+ {[%clk 0:16:29]} 59. R3c2
{[%clk 0:19:57]} Rh2+ {[%clk 0:16:21]} 60. Kd1 {[%clk 0:19:29]} Rh3
{[%clk 0:16:34]} 61. Rxb2 {[%clk 0:15:56]} axb2 {[%clk 0:16:54]} 62. Rb1
{[%clk 0:16:15]} Rxg3 {[%clk 0:17:18]} 63. Kc2 {[%clk 0:16:35]} Rg2+
{[%clk 0:17:14]} 64. Kd3 {[%clk 0:16:26]} Rf2 {[%clk 0:17:26]} 65. Ke3
{[%clk 0:16:48]} Rf3+ {[%clk 0:17:48]} 0-1